CIUDADES REGIONALES, ELITES Y PODER EN JALISCO, 1983-1988 /

INCLUYE BIBLIOGRAFIA

Kaydedildi:
Detaylı Bibliyografya
Yazar: Preciado Coronado, Jaime Antonio (autor)
Materyal Türü: Kitap
Konular:
Etiketler: Etiketle
Etiket eklenmemiş, İlk siz ekleyin!

MARC

LEADER 00000nam^a2200000^a^4500
001 000233658
005 20250521000000.0
009 20260310104654.553
020 |a 968-895-535-3 
035 |a 057538 
037 |a Acervo Xavier Clavigero 
082 |a 320. 972  |b PRE 
100 |a Preciado Coronado, Jaime Antonio  |e (autor) 
245 1 0 |a CIUDADES REGIONALES, ELITES Y PODER EN JALISCO, 1983-1988 /  |c JAIME A. PRECIADO CORONADO 
264 |a Guadalajara, México :  |b U DE G,  |c 1994 
300 |a 286 p. 
336 |a texto  |b txt  |2 rdacontenido 
337 |a sin mediación  |b n  |2 rdamedio 
338 |a volumen  |b nc  |2 rdasoporte 
520 |a INCLUYE BIBLIOGRAFIA 
649 |a XX 
650 |a Política -  |z Jalisco -  |x Historia 
650 |a Poder Político 
650 |a Elites 
910 |a Fondo General 
920 |a Impresos - Libros 
930 |a Colección General 
905 |a 101 
901 |a 057538  |b IT1  |c ACC  |i 057538  |u 20250521 
902 |a https://opac.biblio.iteso.mx/vufind/Record/000233658